Central Library OPAC University of Rajshahi

Fracture of engineering materials : (Record no. 12830)

MARC details
000 -LEADER
fixed length control field 01037cam a2200277 4500
001 - CONTROL NUMBER
control field 12830
003 - CONTROL NUMBER IDENTIFIER
rucl marc code BD-RjUL
005 - DATE AND TIME OF LATEST TRANSACTION
control field 20211208235349.0
008 - FIXED-LENGTH DATA ELEMENTS--GENERAL INFORMATION
fixed length control field 140129s1964 ohu b 001 0 eng d
035 ## - SYSTEM CONTROL NUMBER
System control number (OCoLC)ocm01244900
System control number (BD-RjUL)12880
040 ## - CATALOGING SOURCE
Original cataloging agency GAT
Transcribing agency GAT
Modifying agency OCL
-- ZCU
-- BD-RjUL
Language of cataloging eng
041 ## - LANGUAGE CODE
Language code of text/sound track or separate title eng
082 00 - DEWEY DECIMAL CLASSIFICATION NUMBER
Classification number 620.1126
Author mark and year AMF 1964
110 2# - MAIN ENTRY--CORPORATE NAME
Corporate name or jurisdiction name as entry element American Society for Metals.
Subordinate unit Eastern New York Chapter.
9 (RLIN) 39994
245 10 - TITLE STATEMENT
Title Fracture of engineering materials :
Remainder of title papers presented at a conference /
Statement of responsibility, etc. sponsored by the Eastern New York Chapter of American Society for Metals.
260 ## - PUBLICATION, DISTRIBUTION, ETC. (IMPRINT)
Place of publication, distribution, etc. Metals Park, Ohio :
Name of publisher, distributor, etc. American Society for Metals,
Date of publication, distribution, etc. 1964.
300 ## - PHYSICAL DESCRIPTION
Pagination viii, 248 p. :
Illustrations illus.
Size 24 cm.
500 ## - GENERAL NOTE
General note "Conference ... held at Rensselaer Polytechnic Institute in August 1959.
504 ## - BIBLIOGRAPHY, ETC. NOTE
Bibliography, etc Includes bibliographies and index.
650 #0 - SUBJECT ADDED ENTRY--TOPICAL TERM
Topical term or geographic name as entry element Fracture mechanics
Form subdivision Congresses.
9 (RLIN) 39983
710 2# - ADDED ENTRY--CORPORATE NAME
Corporate name or jurisdiction name as entry element Rensselaer Polytechnic Institute.
9 (RLIN) 31422
942 ## - ADDED ENTRY ELEMENTS (KOHA)
Source of classification or shelving scheme Dewey Decimal Classification
Koha item type Books
Holdings
Lost status Source of classification or shelving scheme Damaged status Not for loan Collection code Permanent Location Current Location Shelving location Date acquired Source of acquisition Cost, normal purchase price Total Checkouts Full call number Date last seen Copy number Koha item type
  Dewey Decimal Classification   Not For Loan Non-fiction Central Library, University of Rajshahi Central Library, University of Rajshahi Reading Room 16/01/1969 Book centre. 76.80   620.1126 AMF 1964 29/01/2014 C-1 Books